000
00288nam a22001217a 4500
008
181015b xxu||||| |||| 00| 0 eng d
041
_a
eng
080
_a
616.053
100
_a
8
101
_a
PED
245
_a
Pediatric Respiratory Intensive Hand book
_c
Levin.R.M
942
_2
udc
_c
BK
999
_c
49772
_d
49772